书目信息 |
| 题名: |
中国当代话剧艺术演变史
|
|
| 作者: | 王新民 | |
| 分册: | ||
| 出版信息: | 杭州 浙江大学出版社 2000 |
|
| 页数: | 328页 | |
| 开本: | 20cm | |
| 丛书名: | ||
| 单 册: | ||
| 中图分类: | I207.34 | |
| 科图分类: | ||
| 主题词: | 文学--中国 | |
| 电子资源: | ||
| ISBN: | 7-308-02299-4 | |
| 000 | 00535nam0 2200181 450 | |
| 001 | 0728815141 | |
| 005 | 20070819080015.14 | |
| 010 | @a7-308-02299-4@d¥18.00 | |
| 100 | @a20070819d km y0chiy0120 ea | |
| 101 | 0 | @achi |
| 200 | 1 | @a中国当代话剧艺术演变史@Azhong guo dang dai hua ju yi shu yan bian shi@f王新民@Fwang xin min |
| 210 | @a杭州@c浙江大学出版社@d2000 | |
| 215 | @a328页@d20cm | |
| 606 | 0 | @a文学@x中国 |
| 690 | @aI207.34@v3 | |
| 701 | 0 | @a王新民@Awang xin min |
| 801 | 0 | @aCN@bPFT@c20070819 |
| 905 | @a213230@dI207.34@eZW3@f1 | |
| 中国当代话剧艺术演变史/王新民.-杭州:浙江大学出版社,2000 |
| 328页;20cm |
| ISBN 7-308-02299-4:¥18.00 |
| ● |
| 相关链接 |
|
|
|
|
正题名:中国当代话剧艺术演变史
索取号:I207.34/ZW3
 
预约/预借
| 序号 | 登录号 | 条形码 | 馆藏地/架位号 | 状态 | 备注 |
| 1 | 7606333 | 276063331 | 密集书库-文学院/ [索取号:I207.34/ZW3] | 在馆 |